Statystyki dla Wszystkie wyspy

Kliknij tutaj aby rozwiązać quiz!

Ogólne statystyki

  • Ten quiz został rozwiązany 87 razy
  • Średni wynik to 20 z 38

Statystyki odpowiedzi

kolenośćodpowiedź% Poprawnych
1.wielka brytania
89%
21.kuba
75%
2.irlandia
73%
3.islandia
69%
9.japonia
69%
15.nowa zelandia
69%
19.madagaskar
67%
4.cypr
66%
23.dominika
64%
27.jamajka
59%
5.malta
56%
8.indonezja
55%
13.saint vincent i grenadyny
55%
16.sri lanka
55%
7.filipiny
53%
11.wyspy świetego Tomasza i ksiażęca
53%
12.saint lucia
52%
34.vanuatu
52%
32.wyspy marshalla
52%
37.fidżi
50%
31.nauru
50%
10.tajwan
50%
33.kiribati
48%
17.republika zielonego przylądka
48%
6.seszele
48%
38.wyspy salomona
48%
30.mikronezja
47%
29.palau
47%
24.barbados
44%
20.mauritius
44%
26.trynidad i tobago
42%
22.antigua i barbuda
41%
14.saint kitts i nevis
41%
25.grenada
39%
28.papua nowa gwinea
39%
35.tonga
38%
36samoa
36%
18.gwinea równikowa
6%

Rozkład punktacji

Percentyl według liczby udzielonych odpowiedzi

Procent ludzi z każdym wynikiem

Twoja historia wyników

Nie rozwiązałeś tego quizu